000 00210 a2200097 4500
245 _aCyprinid Fishes
_hText
020 _aQL638.C94C96
100 _aIan J Winfield
650 _aFisheries
005 20191021095913.0
084 _aQL638.C94C96
999 _c12823
_d12823